000 00423nam a2200157Ia 4500
008 240729s9999 xx 000 0 und d
022 _a1744-5647
245 0 _aJournal of Maps
260 _aUnited Kingdom
260 _bTaylor & Francis Group
650 _a Maps
650 _aGeography. Anthropology. Recreation
856 _uhttps://doaj.org/toc/2e93cbccdf684ef5af2382be6ea2bfde
942 _2ddc
942 _cDOAJEJ
999 _c66374
_d66374
945 _a1
_bMadushi Gamage
_c1
_dMadushi Gamage